Central Library OPAC University of Rajshahi

Fiber-Optics Communication Systems / (Record no. 37804)

MARC details
000 -LEADER
fixed length control field 00823cam a2200277 a 4500
001 - CONTROL NUMBER
control field 37804
003 - CONTROL NUMBER IDENTIFIER
rucl marc code BD-RjUL
005 - DATE AND TIME OF LATEST TRANSACTION
control field 20211209052646.0
008 - FIXED-LENGTH DATA ELEMENTS--GENERAL INFORMATION
fixed length control field 001115s2001 caua b 001 0 eng
020 ## - INTERNATIONAL STANDARD BOOK NUMBER
International Standard Book Number 9788126513864
035 ## - SYSTEM CONTROL NUMBER
System control number (BD-RjUL)37909
040 ## - CATALOGING SOURCE
Original cataloging agency DLC
Transcribing agency BD-RjUL
Language of cataloging eng
041 ## - LANGUAGE CODE
Language code of text/sound track or separate title eng
082 00 - DEWEY DECIMAL CLASSIFICATION NUMBER
Classification number 621.3692
Edition number 21
Author mark and year AGF 2012
100 1# - MAIN ENTRY--PERSONAL NAME
Personal name Agrawal, Govind P.
9 (RLIN) 117145
245 10 - TITLE STATEMENT
Title Fiber-Optics Communication Systems /
Statement of responsibility, etc. Govind P. Agrawal.
250 ## - EDITION STATEMENT
Edition statement 3rd ed.
260 ## - PUBLICATION, DISTRIBUTION, ETC. (IMPRINT)
Place of publication, distribution, etc. India :
Name of publisher, distributor, etc. Wiley,
Date of publication, distribution, etc. c2002 [2012 repriented]
300 ## - PHYSICAL DESCRIPTION
Pagination xvii, 546 p. :
Illustrations ill. ;
Size 23 cm.
490 1# - SERIES STATEMENT
Series statement Optics and photonics
504 ## - BIBLIOGRAPHY, ETC. NOTE
Bibliography, etc Includes bibliographical references and index.
650 #0 - SUBJECT ADDED ENTRY--TOPICAL TERM
Topical term or geographic name as entry element Fiber optics.
9 (RLIN) 117146
Topical term or geographic name as entry element Nonlinear optics.
9 (RLIN) 117147
830 #0 - SERIES ADDED ENTRY--UNIFORM TITLE
Uniform title Optics and photonics.
942 ## - ADDED ENTRY ELEMENTS (KOHA)
Source of classification or shelving scheme Dewey Decimal Classification
Koha item type Books
Holdings
Lost status Source of classification or shelving scheme Damaged status Not for loan Permanent Location Current Location Date acquired Total Checkouts Full call number Date last seen Copy number Koha item type
  Dewey Decimal Classification   Not For Loan Department of Information and Communication Engineering (ICE) Library Department of Information and Communication Engineering (ICE) Library 27/07/2015   621.36/92 AGF 2012 27/07/2015 C-1 Books
  Dewey Decimal Classification   Not For Loan Department of Information and Communication Engineering (ICE) Library Department of Information and Communication Engineering (ICE) Library 27/07/2015   621.36/92 AGF 2012 27/07/2015 C-2 Books